000 00415nam a2200157 i 4500
001 31811
003 ES-MaACL
005 20230906154440.0
007 t|
008 030130s1971 sp ||||1| spa d
100 1 _aBecker, Gerhard.
_926943
245 1 3 _aEl fin de los tiempos /
_cGerhard Becker.
260 _aZaragoza :
_bCĂ­rculo,
_c[1971]
300 _a132 p. ;
_c18 cm.
852 _aES-MaACL
_jC-44345
_bR.76750
999 _c31811
_d31811